Sankcie a embargá v medzinárodnom obchode bakalárska práca

Gespeichert in:
Bibliographische Detailangaben
1. Verfasser: Melišíková, Patrícia
Körperschaft: Obchodná fakulta EU. Katedra medzinárodného obchodu
Weitere Verfasser: Zábojník, Stanislav, 1984-
Format: Buch
Sprache:Slowakisch
Veröffentlicht: Bratislava 2019
Tags: Tag hinzufügen
Keine Tags, Fügen Sie das erste Tag hinzu!

MARC

LEADER 00000nbm a2200000 4500
001 0255687
005 20191018141519.6
041 0 |a slo 
044 |a SK 
245 1 0 |a Sankcie a embargá v medzinárodnom obchode  |b bakalárska práca  |c Patrícia Melišíková ; školiteľ: Stanislav Zábojník 
264 1 |a Bratislava  |c 2019 
300 |a 66 s. 
100 1 |a Melišíková, Patrícia 
700 1 |a Zábojník, Stanislav, 1984- 
710 2 |a Obchodná fakulta EU. Katedra medzinárodného obchodu